00768aasaa2200181 a 450000500170000000800410001704000250005804100080008304400070009124500610009826000520015930000340021131000060024561101500025165000660040165000580046771100610052520171115172526.0171115uxx sz u||p|r|||| 00| 0 spa d aCO-BoIAVHcCO-BoIAVH0 aspa asz10aBoletín de Ramsar : bConvención sobre los humedales aGland (Suiza) : bWorld Wildlife Fund,c[s.f.]. bilustraciones ; c30 x 21 cm. au24aConferencia de las partes contratantes en la Convención sobre los Humedales (RAMSAR Irán, 1971)cSan José (Costa Rica)d1999, Mayo 10 al 1826aTierras húmedasxConservaciónyPublicaciones periódicas24aHumedalesxConservaciónyPublicaciones periódicas2 aConvención sobre los HumedalescRamsar, Irán,d 1971